Datum a čas kvízu
27
Celkem bodů
Celkový počet nahraných bodů na tomto kvízu bez doplňovacích otázek.
5.
Pořadí na kvízu
Konečné umístění týmu na tomto kvízu.
Zaznamenané odpovědi
| # | Otázka | Odpověď | Body | Výsledky |
|---|---|---|---|---|
| 1. | Neobvyklý zásah za sebou mají... | v Brně | 1 | |
| 2. | Astronautům vracejícím se v mo... | Porouchaný záchod. | 1 | |
| 3. | Streamovací platforma Netflix... | Stranger Things | 1 | |
| 4. | Český internetový prodejce, je... | Notino | 0 | |
| 5. | Rychlobruslařka Martina Sáblík... | Jiří Stanislav Guth-Jarkovský | 0 | |
| 6. | Podíváme se mezi lékaře, kteří... | sám sobě vyoperoval slepé střevo (a přežil) | 1 | |
| 7. | Tento český kardiochirurg dosá... | Jan Pirk | 1 | |
| 8. | Jednou z postav seriálu Futura... | Zoidberg | 1 | |
| 9. | Velkou tradici drží již po tři... | Vladimír Beneš | 0 | |
| 10. | Chirurga Benjamina Franklina „... | Woody Allen | 0 |